[Event "Qatar Masters op"]
[Site "Doha"]
[Date "2015.12.21"]
[Round "2"]
[White "Batsiashvili, Nino"]
[Black "Harikrishna, Pentala"]
[Result "0-1"]
[WhiteElo "2498"]
[BlackElo "2743"]
[Annotator "Schulz,Andre"]
[PlyCount "54"]
[EventDate "2015.12.20"]
[EventType "swiss"]
[EventRounds "9"]
[EventCountry "QAT"]
[SourceTitle "CBM 170"]
[Source "ChessBase"]
[SourceDate "2016.01.15"]
[SourceVersion "1"]
[SourceVersionDate "2016.01.15"]
[SourceQuality "1"]

1. d4 Nc6 2. c4 e5 (2... d5 {wäre die Tschigorin-Variante des Damengambits.})
3. d5 Nce7 4. Nc3 ({Auch nach} 4. e4 Ng6 5. Nc3 Bc5 {hat Schwarz gute
Ergbenisse erzielt.}) 4... Ng6 5. a3 {Wurde bisher selten gespielt.} ({
Häufiger geschah hier} 5. g3) ({oder} 5. e4) 5... f5 6. e4 fxe4 7. Nxe4 Nf6 8.
Bg5 d6 9. Bd3 Be7 10. Bxf6 gxf6 $5 ({"Normal" war} 10... Bxf6 11. Qh5 O-O 12.
Nh3) 11. Ng3 Nf4 12. Bf5 $6 ({Die Maschine empfiehlt} 12. Be4 $5 f5 13. Nxf5
Nxg2+ 14. Kf1 Nf4 15. Ne2) 12... Bxf5 13. Nxf5 Qd7 14. Nxe7 $2 (14. g4 h5 $13)
14... Nxg2+ {Ein unangenehmer Zwischenzug.} 15. Kf1 Nf4 {Der Se7 hat keinen
Rückzug, läuft also nicht weg.} 16. Rc1 Kxe7 17. Rc3 Rag8 $17 {Die Partie
ist gelaufen. Der schwarze König steht sicher, der weiße nicht. Schwarz hat
seine Truppen schon in Position gebracht. Der weiße Königslügel schläft
noch. [#]} 18. Ne2 Nxe2 19. Qxe2 h5 20. Ke1 (20. Rg3 h4 $19) 20... Qf5 21. Kd2
Rg4 22. Kc1 Rhg8 23. Rf1 b6 24. h3 Rf4 25. Qe3 Rg2 26. Rc2 Rf3 27. Qh6 {[#]}
Qg5+ (27... Qg5+ 28. Qxg5 fxg5 {Der weiße h-Bauer fällt und der schwarze
h-Bauer läuft durch. Der schwarze König kann zudem beliebig in die weiße
Stellung spazieren.}) 0-1

[Event "Monte Carlo FIDE GP (Women)"]
[Site "Monte Carlo"]
[Date "2015.10.11"]
[Round "8"]
[White "Khademalsharieh, Sarasadat"]
[Black "Hou, Yifan"]
[Result "0-1"]
[WhiteElo "2397"]
[BlackElo "2671"]
[Annotator "Schulz,Andre"]
[PlyCount "112"]
[EventDate "2015.10.03"]
[EventType "tourn"]
[EventRounds "11"]
[EventCountry "MNC"]
[EventCategory "11"]
[SourceTitle "CBM 169"]
[Source "ChessBase"]
[SourceDate "2015.11.10"]
[SourceVersion "1"]
[SourceVersionDate "2015.11.10"]
[SourceQuality "1"]

1. d4 g6 2. c4 Bg7 3. Nf3 c5 4. d5 d6 5. Nc3 Bxc3+ 6. bxc3 f5 {[#] Schwarz
verfolgt ein interessantes strategisches Konzept, vermutlich inspiriert durch
die Partie Karjakin-Eljanov, die kürzlich beim Worldcup gespielt wurde.} 7. h4
(7. g3 Nf6 8. Bg2 Qa5 9. Qb3 Nbd7 10. Nd2 Nb6 11. O-O Bd7 12. Re1 Qa4 13. Bf1
Ne4 14. e3 O-O-O {1/2-1/2 (69) Karjakin,S (2762)-Eljanov,P (2717) Baku 2015})
7... Nf6 8. Bh6 Qa5 9. Qc2 Nbd7 10. e3 Rg8 11. Be2 Nb6 12. Nd2 Bd7 13. f3 Qa4
14. Qb3 O-O-O 15. Kf2 e6 16. dxe6 Bxe6 17. Qb5 Qc2 18. Rhd1 Qxc3 19. Rac1 Qa3
20. Qb1 Na4 21. Qc2 Rd7 22. Nb1 Qb4 23. Rd3 Nb6 24. Rb3 Qa4 {[#] Die
Weltranglistenerste steht mit dem Rücken zur Wand.} 25. Qb2 ({Stärker war
sofort} 25. Nc3 {z.B.:} Qc6 (25... Qa5 26. Nb5 a6 27. Ra3 Qb4 28. Rb1 {mit
Damenfang.}) 26. Nb5 Kb8 27. Qc3 Nh5 28. Nxa7 Kxa7 29. Qa5+ Kb8 30. Rxb6 $18)
25... Rf7 26. Nc3 Qc6 27. Nb5 Kb8 {[#]} 28. Nxd6 Ne4+ $1 {Ein schöner
Gegenschlag, der Schwarz wieder ins Spiel bringt.} 29. fxe4 (29. Nxe4 fxe4 30.
f4 Nc8 $13) 29... Qxd6 30. Bf4 ({Mit} 30. exf5 {bewahrt sich Weiß noch etwas
Vorteil.}) 30... fxe4 31. g3 (31. Kg1 Rxf4 32. exf4 Qxf4 {mit unklarer
Situation.}) 31... Ka8 32. Kg2 Qc6 {[#]} 33. Rxb6 $2 {Weiß möchte auf Matt
spielen, doch das lässt sich abwehren.} (33. Rb5 Rc8 34. Qc3 $15) 33... Qxb6
34. Qxb6 axb6 35. Rc3 {Matt in 1.} Rxf4 36. exf4 Rd8 {Schwarz hat die d-Linie
und einen Mehrbauern und steht besser, aber nicht unbedingt auf Gewinn. Den
technischen Teil meistert Hou souverän.} 37. Rc2 h5 38. Kf2 Ka7 39. Ke3 Rd4
40. Rc3 Bf7 41. Ra3+ Kb8 42. Rc3 Kc7 43. Rc2 Be6 44. Rc3 Kd6 45. Rc2 b5 46.
cxb5 Ra4 47. Rd2+ Bd5 48. f5 gxf5 49. Bxh5 Ke5 50. Rc2 Ra3+ 51. Kf2 b6 52. Be2
Bxa2 53. h5 Bd5 54. Rc1 e3+ 55. Ke1 Ra7 56. Bc4 Bf3 0-1

[Event "Poikovsky Karpov 16th"]
[Site "Poikovsky"]
[Date "2015.10.01"]
[Round "4"]
[White "Inarkiev, Ernesto"]
[Black "Morozevich, Alexander"]
[Result "1-0"]
[WhiteElo "2660"]
[BlackElo "2711"]
[Annotator "Schulz,Andre"]
[PlyCount "49"]
[EventDate "2015.09.28"]
[EventType "tourn"]
[EventRounds "9"]
[EventCountry "RUS"]
[EventCategory "17"]
[SourceTitle "CBM 169"]
[Source "ChessBase"]
[SourceDate "2015.11.10"]
[SourceVersion "1"]
[SourceVersionDate "2015.11.10"]
[SourceQuality "1"]

1. d4 e6 2. c4 b6 3. Nc3 Bb4 4. e4 Bb7 5. f3 f5 {Morozevich ist offenbar auf
Krawall aus.} 6. exf5 Nh6 7. fxe6 Nf5 8. Bf4 dxe6 9. Qa4+ Nc6 10. O-O-O {[#]}
Bxc3 $6 (10... Nfxd4 {1/2-1/2 (56) Sadler,M (2665)-Kengis,E (2590) Koge 1997})
11. bxc3 O-O 12. Nh3 Na5 13. Bd3 c5 {Der erste "neue" Zug in einer theoretisch
bekannten Variante.} (13... Qh4 14. Bg5 Qh5 15. Be4 Bxe4 16. fxe4 Nh4 17. Bxh4
Qxh4 18. Rhe1 g5 19. Qb5 h6 20. Qe5 Rae8 21. Rf1 Qg4 22. Rxf8+ Rxf8 23. d5 Qe2
24. Qxe6+ Kg7 25. Qe5+ Kg8 26. Qe6+ Kg7 27. Qe5+ Kg6 28. Qe6+ Kg7 {1/2-1/2 (28)
Muhvic,D (2210)-Markovic,I (2230) Opatija 1995}) 14. dxc5 Qf6 15. Qc2 Rac8 {
[#] Die Engines sehen Weiß im Vorteil, aber wer möchte gerne diese Position
gegen Morozevich spielen?} 16. g4 Nh4 (16... Bxf3 $5 17. gxf5 exf5 18. Rhe1
Bxd1 19. Rxd1 Rxc5 $16) 17. Bxh7+ (17. Rhf1 Ng6 18. Bd6 $16) 17... Kh8 18. Rd7
e5 19. Rd6 Qf7 {[#] Übersieht den weißen Schlag.} (19... Qe7 20. Bg5 Qf7 21.
Rhd1 $16) 20. Rh6 $1 {Und Ende. Der Turm kann nicht genommen werden. Es droht
ein tödlicher Läuferabzug.} Nxf3 (20... gxh6 21. Bxe5+) 21. Bg6+ gxh6 22.
Bxf7 exf4 23. Qg6 Rc6 24. Be6 Rxe6 25. Qxe6 1-0

[Event "Abu Dhabi op 23rd"]
[Site "Abu Dhabi"]
[Date "2015.08.25"]
[Round "4"]
[White "Rohan, Ahuja"]
[Black "Gupta, Abhijeet"]
[Result "0-1"]
[WhiteElo "2389"]
[BlackElo "2619"]
[Annotator "Schulz,Andre"]
[PlyCount "62"]
[EventDate "2015.08.23"]
[EventType "swiss"]
[EventRounds "9"]
[EventCountry "UAE"]
[SourceTitle "EXT 2016"]
[Source "ChessBase"]
[SourceDate "2015.10.08"]
[SourceVersion "1"]
[SourceVersionDate "2015.10.08"]
[SourceQuality "1"]
[WhiteClock "0:00:47"]
[BlackClock "0:05:34"]

1. Nf3 g6 2. g3 Bg7 3. d4 c5 4. c3 Qa5 5. Bg2 (5. Nbd2 cxd4 6. cxd4 Nc6 7. e3
Nf6 8. Bg2 Qa6 9. Qe2 Qxe2+ 10. Kxe2 b6 11. b3 Ba6+ 12. Ke1 Nb4 13. Kd1 Ng4 14.
Rf1 Bxf1 15. Bxf1 Nxf2+ 16. Ke2 Ng4 17. Ba3 Nc2 {0-1 (17) Gunina,V (2506)
-Malakhov,V (2707) Moscow 2013}) 5... cxd4 6. Nxd4 Nf6 7. O-O O-O 8. c4 Nc6 9.
Nc3 Qc5 10. Nxc6 dxc6 11. Qb3 (11. b3 Be6 12. Bb2 Rad8 13. Qc2 b5 $15) 11...
Qh5 12. Rd1 Rb8 13. Qa3 Bh3 14. Qxa7 e5 15. f3 b6 16. Qa4 Rfc8 17. Bxh3 Qxh3
18. Be3 h5 19. Bf2 (19. Bg5 $14) 19... h4 20. Rd6 (20. Qc2 $11) 20... hxg3 21.
hxg3 e4 $17 22. Rxc6 Re8 23. Nxe4 Rxe4 24. Rxf6 Rxe2 25. Rf4 Rxf2 26. Kxf2 Qh2+
27. Ke3 {[#] Sobald der Te8 ins Spiel kommt, ist die Partie vorbei.} b5 $1 28.
cxb5 Re8+ 29. Re4 (29. Kd3 Qe2#) 29... Bh6+ 30. Kd4 Qd2+ 31. Kc5 Rc8+ (31...
Rc8+ 32. Kb6 Qd6+ 33. Kb7 Qc7+ 34. Ka6 Ra8#) 0-1

[Event "Groningen op"]
[Site "Groningen"]
[Date "1990.??.??"]
[Round "8"]
[White "Tukmakov, Vladimir B"]
[Black "Motwani, Paul"]
[Result "1/2-1/2"]
[WhiteElo "2520"]
[BlackElo "2425"]
[Annotator "Schussler,H"]
[PlyCount "67"]
[EventDate "1990.??.??"]
[EventType "swiss"]
[EventRounds "9"]
[EventCountry "NED"]
[SourceTitle "CBM 022"]
[Source "ChessBase"]
[SourceDate "1991.06.01"]
[SourceVersion "1"]
[SourceVersionDate "1991.06.01"]
[SourceQuality "1"]

1. d4 e6 2. c4 Bb4+ 3. Bd2 a5 4. Nc3 Nf6 5. Bg5 $5 {Transposing to a Leningrad
where Black has the extra move a7-a5.} a4 6. a3 Bxc3+ 7. bxc3 c5 8. d5 d6 9. e3
exd5 10. cxd5 Nbd7 11. Bd3 Qa5 12. Ne2 Nxd5 13. O-O c4 14. Bc2 {14.Bxc4?? N5b6
- +} Nxc3 15. Nxc3 Qxc3 16. Bf4 O-O 17. Bxd6 Re8 18. Bb4 Qe5 19. Bxa4 b5 20.
Bd6 Qg5 21. h4 Qf5 22. Bc2 Qe6 23. Qd4 Nf6 24. Rab1 $2 Rd8 25. Rfd1 Ra6 $19 26.
Bc5 Rxd4 27. Rxd4 Bd7 28. a4 Rc6 29. Ba3 Rb6 30. Bc5 Rc6 31. Ba3 Rb6 32. Bc5
Rb8 33. Bd6 Rb6 $4 34. Bc5 1/2-1/2

[Event "Balkaniad"]
[Site "Kavala"]
[Date "1990.??.??"]
[Round "?"]
[White "Skalkotas, Nikolaos"]
[Black "Lupu, Mircea Sergiu"]
[Result "1/2-1/2"]
[WhiteElo "2325"]
[BlackElo "2450"]
[Annotator "Schussler,H"]
[PlyCount "88"]
[EventDate "1990.10.??"]
[EventType "team"]
[EventRounds "6"]
[EventCountry "GRE"]
[SourceTitle "CBM 021"]
[Source "ChessBase"]
[SourceDate "1991.04.01"]
[SourceVersion "1"]
[SourceVersionDate "1991.04.01"]
[SourceQuality "1"]

1. c4 c5 2. Nf3 g6 3. e4 Bg7 4. d4 Qa5+ 5. Nc3 Nc6 6. d5 $5 Nd4 7. Nxd4 cxd4 8.
Qa4 Qxa4 9. Nxa4 d6 10. b3 Nf6 11. f3 Bd7 12. Nb2 O-O 13. Nd3 $14 Rfc8 14. Bd2
a5 15. Rc1 b6 16. Be2 Be8 17. Kf2 Rc7 18. a4 Rac8 19. g4 Nd7 20. h4 Rb7 21. Rb1
Nc5 22. h5 e5 23. h6 Bf6 24. Kg3 Bd8 25. g5 Rcb8 26. Rhc1 f5 27. gxf6 Bxf6 28.
Nf2 Bd8 29. Rd1 Rf7 30. Rf1 Rbb7 31. Nd3 g5 32. Rg1 Kf8 33. Nxc5 bxc5 34. Kf2
Rf4 $1 35. Bxf4 exf4 36. Bd3 Bg6 37. Ke2 Kf7 38. Kd2 Kf6 39. Kc2 {39.e5+!?} Re7
40. Rbf1 Re5 41. Kd2 Be8 42. Rf2 Kg6 43. Rh2 Bd7 44. Bf1 Bf6 1/2-1/2

[Event "Nabereznye Chelny"]
[Site "Nabereznye Chelny"]
[Date "1993.??.??"]
[Round "?"]
[White "Sideif Sade, Fikret Israfil O"]
[Black "Lempert, Igor"]
[Result "0-1"]
[WhiteElo "2425"]
[BlackElo "2455"]
[Annotator "Schussler,H"]
[PlyCount "50"]
[EventDate "1993.??.??"]
[EventType "tourn"]
[EventRounds "13"]
[EventCountry "RUS"]
[EventCategory "7"]
[SourceTitle "CBM 037"]
[Source "ChessBase"]
[SourceDate "1993.12.01"]
[SourceVersion "1"]
[SourceVersionDate "1993.12.01"]
[SourceQuality "1"]

1. d4 e6 2. c4 b6 3. e4 (3. a3 Bb7 4. Nc3 f5 5. d5 Nf6 6. g3 a5 (6... Bc5 7.
Bg2 O-O 8. Nh3 a5 9. O-O Na6 10. e4 $14 {Pagden-Plaskett, Lloyds Bank 1982}) 7.
Bg2 Na6 8. Nh3 Bd6 9. O-O O-O 10. Qc2 Nc5 11. Rd1 Qe7 12. Rb1 exd5 13. cxd5 $14
{Kozul,Z-Hamdouchi,H, Biel izt 1993}) 3... Bb7 4. Bd3 (4. d5 Nf6 $5 (4... Bb4+
5. Bd2 Qe7 6. Bxb4 Qxb4+ 7. Qd2 Qxd2+ 8. Kxd2 Nf6 (8... f5 $1 9. f3 Na6 10. Nc3
Ne7 11. Bd3 O-O $15 {Williams-Miles, BBC Master Game 1976}) 9. Nc3 d6 10. Bd3
O-O 11. Nf3 c6 $10 {Timman,J-Spassky,B, Tilburg 1983}) 5. Bd3 b5 6. Nc3 Bb4 7.
Qf3 bxc4 8. Bxc4 exd5 9. exd5 Qe7+ 10. Kf1 O-O 11. d6 {11. Nge2} Qxd6 12. Qxb7
Bxc3 {13.Be3 Qb4} 13. Be2 Ba5 14. Qxa8 Qb4 $1 15. Nf3 Nc6 16. a3 Qb3 17. Qxf8+
Kxf8 18. g3 Qc2 $1 {Galliamova Ivanchuk,A, Muhutdinov,M, Nabereznye Chelny 1993
}) 4... f5 (4... Bb4+ 5. Bd2 (5. Kf1 f5 6. exf5 {main-line}) 5... Bxd2+ 6. Qxd2
Nh6 7. Nc3 O-O 8. Nf3 d6 9. O-O Nd7 10. Bc2 Qe7 11. Rfe1 {Sokolov,I-Speelman,J,
Biel izt 1993}) 5. exf5 Bb4+ (5... Bxg2 6. Qh5+ g6 7. fxg6 Bg7 8. gxh7+ Kf8 9.
Ne2 $16 {Browne,W-Miles,T, Tilburg 1978}) 6. Kf1 (6. Bd2 $2 Bxd2+ 7. Nxd2 Bxg2
8. Qh5+ Kf8 $19) 6... Nf6 (6... exf5 7. c5 $1 {7. Bxf5?! Nf6} bxc5 8. a3 c4 (
8... Ba5 $2 9. dxc5 Qf6 10. Ra2 $1 {(Seirawan,Y)} c6 11. b4 Bd8 12. Re2+ Ne7
13. Bb2 $18) 9. Bxc4 Bd6 10. Nc3 Nf6 11. Nf3 Qe7 12. Bg5 $1 Kd8 $1 13. Nh4 $1
$16 {Seirawan,Y-Schüssler,H, Malmö 1979}) 7. c5 $1 bxc5 8. a3 c4 {8. - Ba5 9.
dxc5 +/=/+/-} 9. Bxc4 Ba5 10. fxe6 dxe6 11. Bxe6 {11. Nc3!? +/=} Qe7 $1 12. d5
$6 {12.Bc4} Nxd5 $1 13. Bxd5 Bxd5 $17 14. Ne2 Qf7 15. Nbc3 Bb3 16. Qd3 O-O 17.
Be3 Nc6 18. Qb5 Rae8 $19 19. Bc5 Bc4 $1 20. Qxc6 Bxc3 21. bxc3 Rxe2 22. Kg1
Rxf2 $1 23. h4 Rb2 24. Rd1 Qh5 25. Rd4 Rf1+ {25.Kh2 Qe5 - +} 0-1

[Event "GER-ch"]
[Site "Bad Neuenahr"]
[Date "1991.??.??"]
[Round "8"]
[White "Schuh, Hubert"]
[Black "Buecker, Stefan"]
[Result "0-1"]
[WhiteElo "2375"]
[BlackElo "2345"]
[Annotator "Schussler,H"]
[PlyCount "64"]
[EventDate "1991.06.??"]
[EventType "tourn"]
[EventRounds "15"]
[EventCountry "GER"]
[EventCategory "7"]
[SourceTitle "CBM 024"]
[Source "ChessBase"]
[SourceDate "1991.10.01"]
[SourceVersion "1"]
[SourceVersionDate "1991.10.01"]
[SourceQuality "1"]

1. d4 e5 2. dxe5 Nc6 3. Nf3 Qe7 4. g3 $5 {White can get a small advantage in
various ways (4.e4 is normal).} (4. Bf4 $2 Qb4+ 5. Bd2 {5.Qd2 Qxb2 6.Qc3 Bb4 -
+} Qxb2 6. Bc3 Bb4 7. Qd2 Bxc3 8. Qxc3 Qc1#) 4... Nxe5 5. Bg2 Nxf3+ 6. Bxf3 Nf6
7. c4 d6 8. Nc3 c6 9. Qd4 Qe6 10. Bf4 Be7 11. O-O O-O 12. Rfd1 $14 {Black has
a backward d-pawn.} Rd8 13. Rd3 Qf5 14. Rad1 Be6 15. b3 h6 16. Qe3 Ne8 17. Qd2
Rd7 18. Bg2 Bf8 19. h4 {19.e4} Rad8 20. Qe3 Qa5 21. Qd2 f6 22. Ne4 Qh5 23. Be3
Bf5 24. Rd4 d5 25. cxd5 Rxd5 26. Bf3 Rxd4 27. Bxd4 Qg6 28. h5 Qf7 29. Qc3 $2
Bxe4 $19 30. Bxe4 c5 31. Bg6 Qd5 32. e4 cxd4 0-1

[Event "FRA-NED"]
[Site "Cannes"]
[Date "1990.??.??"]
[Round "2"]
[White "Ligterink, Gert"]
[Black "Prie, Eric"]
[Result "1/2-1/2"]
[WhiteElo "2410"]
[BlackElo "2435"]
[Annotator "Schussler,H"]
[PlyCount "117"]
[EventDate "1990.02.??"]
[EventType "schev"]
[EventRounds "10"]
[EventCountry "FRA"]
[SourceTitle "CBM 018"]
[Source "ChessBase"]
[SourceDate "1990.10.01"]
[SourceVersion "1"]
[SourceVersionDate "1990.10.01"]
[SourceQuality "1"]

1. d4 e6 2. c4 b6 3. Nf3 Bb7 4. g3 Bb4+ (4... Bxf3 5. exf3 d5 6. Nc3 dxc4 $6 7.
Bxc4 c6 8. d5 $1 exd5 9. Nxd5 Ne7 10. Nf6+ $6 gxf6 11. Bxf7+ Kxf7 12. Qxd8 Nd5
$10 {Draw agreed. Bilek-Schüssler, Helsinki 1978.}) 5. Bd2 Bxf3 6. exf3 Bxd2+
7. Qxd2 d5 8. Nc3 Ne7 9. f4 c6 10. b3 Qd6 11. Bg2 Nd7 12. O-O O-O 13. Rac1 Rad8
14. Rfd1 Nf6 15. c5 bxc5 16. dxc5 Qb8 17. Ne2 Ne8 18. Nd4 Nc7 19. Bf1 Qb7 20.
Bd3 Rfe8 21. Re1 a6 22. g4 Nb5 23. Nf3 d4 24. Ng5 h6 25. Ne4 f5 26. Bxb5 cxb5
27. Nd6 Qf3 28. Qe2 Qxe2 29. Rxe2 Rf8 30. Rxe6 Nd5 31. gxf5 Nxf4 32. Re4 Nd3
33. Rd1 (33. Rc2 Nxc5) 33... Nxc5 34. Rexd4 Rd7 35. b4 Na4 36. Nxb5 Rxd4 37.
Nxd4 Rd8 38. Rd3 Kf7 39. Ra3 Rxd4 40. Rxa4 a5 $1 41. Rxa5 Rxb4 42. Kg2 Kf6 43.
Kg3 Rc4 44. a4 Rb4 45. h4 h5 46. f3 Rc4 47. Ra7 Rc1 48. Ra6+ Kxf5 49. Ra5+ Kg6
50. Rg5+ Kh6 51. a5 Ra1 52. Rb5 g6 53. f4 Ra3+ 54. Kf2 Kg7 55. f5 Rh3 56. Rb4
Ra3 57. Rb5 Rh3 58. Rb1 Rxh4 59. fxg6 1/2-1/2

[Event "Novosibirsk"]
[Site "Novosibirsk"]
[Date "1993.??.??"]
[Round "3"]
[White "Epishin, Vladimir"]
[Black "Ehlvest, Jaan"]
[Result "1-0"]
[WhiteElo "2620"]
[BlackElo "2625"]
[Annotator "Schussler,H"]
[PlyCount "71"]
[EventDate "1993.06.??"]
[EventType "tourn"]
[EventRounds "11"]
[EventCountry "RUS"]
[EventCategory "14"]
[SourceTitle "CBM 036"]
[Source "ChessBase"]
[SourceDate "1993.10.01"]
[SourceVersion "1"]
[SourceVersionDate "1993.10.01"]
[SourceQuality "1"]

1. d4 e6 2. c4 b6 {This is considered inaccurate because of White`s reply.} 3.
e4 $1 Bb7 4. Bd3 Nc6 $5 (4... f5 5. exf5 Bxg2 6. Qh5+ g6 7. fxg6 $16) (4...
Bb4+ 5. Bd2 {5.Kf1!? (Seirawan,Y)} Bxd2+ 6. Nxd2 $14) 5. Ne2 Nb4 6. O-O Nxd3 7.
Qxd3 d6 8. Nbc3 Nf6 9. d5 $5 $14 Be7 10. Nd4 Qd7 11. b3 c6 12. dxc6 Bxc6 13.
Ba3 $1 a6 14. Rad1 Bb7 (14... Rd8 15. Qg3) 15. Qg3 Qc7 16. Rfe1 (16. Qxg7 $2
Rg8 17. Qh6 Nxe4 $15) 16... g6 $2 {16. - 0-0 +/=} 17. e5 Nh5 $2 (17... dxe5 18.
Bxe7 (18. Ndb5 axb5 19. Nxb5 Qb8) 18... Qxe7 19. Rxe5 $14 O-O) 18. Bxd6 $1 Qd7
(18... Qxd6 19. exd6 Nxg3 20. hxg3 $1 $18 Bxd6 21. Nxe6) 19. Qg4 Bxd6 20. exd6
O-O 21. Na4 $18 Rae8 (21... Qxd6 22. Nxe6 $18) 22. Nc2 Qd8 23. d7 Re7 24. Qd4
Bc6 25. Nxb6 e5 26. Qc5 Re6 27. Nb4 Bxg2 28. Kxg2 Rxb6 29. Nc6 Rxc6 30. Qxc6
Qh4 31. Qf3 Qg5+ 32. Kh1 Rd8 33. c5 e4 34. Qxe4 Qxc5 35. Qe8+ Kg7 36. Qe5+ 1-0

[Event "Gausdal Int"]
[Site "Gausdal"]
[Date "1991.??.??"]
[Round "8"]
[White "Krasenkow, Michal"]
[Black "Kengis, Edvins"]
[Result "1/2-1/2"]
[WhiteElo "2550"]
[BlackElo "2575"]
[Annotator "Schussler,H"]
[PlyCount "54"]
[EventDate "1991.08.??"]
[EventType "swiss"]
[EventRounds "9"]
[EventCountry "NOR"]
[SourceTitle "CBM 025"]
[Source "ChessBase"]
[SourceDate "1991.12.01"]
[SourceVersion "1"]
[SourceVersionDate "1991.12.01"]
[SourceQuality "1"]

1. d4 e6 2. c4 b6 3. a3 {Critical is 3.e4!. The variation 3. - Bb7 4.Bd3 f5!?
5.exf5! Bxg2 6.Qh5+ is probably good for White.} g6 {Alternatives are 3. - d5
and 3. - Nf6, transposing to a Queen`s Indian.} 4. Nc3 Bg7 5. e4 Ne7 6. h4 $5 {
6.Nf3 + =, 6.d5!?} d5 7. cxd5 exd5 8. e5 c5 9. Bb5+ Bd7 10. Bg5 Bxb5 11. Nxb5
O-O 12. Nf3 Nbc6 $10 13. h5 a6 14. Nc3 cxd4 15. Nxd4 Nxd4 16. Qxd4 Nf5 17. Qd2
Qe8 18. O-O d4 19. Nd5 Qxe5 20. Nxb6 Ra7 21. Rfe1 Ne3 22. Bxe3 dxe3 23. Rxe3
Qd4 24. Qa5 Qxb2 25. Rd1 Bd4 26. Na4 Qa2 27. Nc3 Qc4 1/2-1/2

[Event "Frankfurt"]
[Site "Frankfurt"]
[Date "1990.??.??"]
[Round "?"]
[White "Kozul, Zdenko"]
[Black "Barbero, Gerardo F"]
[Result "1-0"]
[WhiteElo "2575"]
[BlackElo "2450"]
[Annotator "Schussler,H"]
[PlyCount "39"]
[EventDate "1990.??.??"]
[EventType "tourn"]
[EventRounds "13"]
[EventCountry "GER"]
[EventCategory "7"]
[SourceTitle "CBM 020"]
[Source "ChessBase"]
[SourceDate "1991.02.01"]
[SourceVersion "1"]
[SourceVersionDate "1991.02.01"]
[SourceQuality "1"]

1. d4 e6 2. c4 Bb4+ 3. Nd2 c5 $6 {A good rule is not to play c7-c5xd4 in
combination with Bxd2+ (giving up the B - pair) if Black in this way doesn `t
gain the time necessary to gain the initiative.} 4. a3 Bxd2+ 5. Qxd2 cxd4 6.
Qxd4 Nf6 7. b4 Nc6 8. Qc3 d5 9. e3 d4 {9. - e5!?} 10. exd4 Nxd4 11. Bb2 e5 12.
O-O-O O-O 13. Ne2 Ng4 14. Qg3 Qg5+ 15. Rd2 Nf5 16. Qf3 Rd8 17. Bc3 e4 $4 18.
Qxg4 Qxd2+ 19. Bxd2 Nd4 20. Qg3 1-0

[Event "Moscow Alekhine op"]
[Site "Moscow"]
[Date "1992.??.??"]
[Round "?"]
[White "Kurajica, Bojan"]
[Black "Maljutin, Evgeni"]
[Result "1-0"]
[WhiteElo "2590"]
[BlackElo "2480"]
[Annotator "Schussler,H"]
[PlyCount "75"]
[EventDate "1992.10.??"]
[EventType "swiss"]
[EventRounds "9"]
[EventCountry "RUS"]
[SourceTitle "CBM 033"]
[Source "ChessBase"]
[SourceDate "1993.04.01"]
[SourceVersion "1"]
[SourceVersionDate "1993.04.01"]
[SourceQuality "1"]

1. d4 b6 2. Nf3 Bb7 3. g3 Bxf3 4. exf3 d5 5. f4 (5. c4 e6 6. Nc3 dxc4 $6 7.
Bxc4 c6 8. d5 $1 exd5 9. Nxd5 Ne7 $5 10. Nf6+ $2 {10.Nxe7 +/-} gxf6 11. Bxf7+
Kxf7 12. Qxd8 Nd5 {Draw. Bilek,I-Schüssler,H, Helsinki 1978. (13.0-0 Bg7 14.
Qd6 Bf8=)}) 5... e6 6. Bg2 c6 7. O-O Bd6 {7. - Nh6 +/=/=} 8. f5 $1 exf5 9. c4
dxc4 {9. - Ne7 10.cxd5} 10. d5 $1 Ne7 {10. - c5} 11. dxc6 Nbxc6 12. Qa4 Qc8 13.
Bg5 f6 14. Be3 Rb8 (14... O-O 15. Qxc4+ Kh8 16. Rc1 Ne5 $13) 15. Nc3 a6 16.
Qxc4 Ne5 17. Qb3 Qc4 18. Rfd1 Bb4 {18. - Bc7 +/=} 19. Qa4+ b5 20. Qxa6 Bxc3 21.
Rac1 Kf7 22. Rxc3 $16 Qe2 23. Rcc1 Rhd8 24. Re1 Qxb2 25. Bc5 Nc8 26. f4 Rd2 27.
Bh1 Ng4 28. Qe6+ Kg6 29. h3 Nf2 30. Bxf2 Rxf2 31. Qe8+ Kh6 32. g4 $1 $18 fxg4
33. hxg4 Rh2 34. g5+ fxg5 35. fxg5+ Kxg5 36. Rc5+ Kh6 37. Re6+ g6 38. Qf8+ 1-0

[Event "Prague Bohemians-A"]
[Site "Prague"]
[Date "1990.??.??"]
[Round "?"]
[White "Vokac, Marek"]
[Black "Keitlinghaus, Ludger"]
[Result "1-0"]
[WhiteElo "2465"]
[BlackElo "2415"]
[Annotator "Schussler,H"]
[PlyCount "117"]
[EventDate "1990.01.??"]
[EventType "tourn"]
[EventRounds "13"]
[EventCountry "CZE"]
[EventCategory "8"]
[SourceTitle "CBM 017"]
[Source "ChessBase"]
[SourceDate "1990.08.01"]
[SourceVersion "1"]
[SourceVersionDate "1990.08.01"]
[SourceQuality "1"]

1. d4 e6 2. c4 Bb4+ 3. Bd2 a5 {This move, once suggested by Keres, has been
played a lot recently by Eingorn and Balashov. It leads to similar positions
as the Bogo-Indian, but one advantage is that (after d6, e5) h6 is possible.
For 4. e4 d5 see game 773.} 4. Nf3 d6 5. g3 Nc6 6. Bg2 e5 7. O-O exd4 8. Bxb4
axb4 9. Nxd4 Nxd4 10. Qxd4 Qf6 11. Qe3+ Ne7 12. Qb3 c5 13. Nd2 O-O 14. a3 Nc6
15. axb4 Rxa1 16. Rxa1 Nxb4 17. Ne4 Qe7 18. Qd1 Rd8 19. Ra8 g6 20. Qd2 Kg7 21.
h4 Nc6 22. h5 gxh5 23. Qc3+ f6 24. Qd2 Ne5 25. b3 Nf7 26. Nc3 Bg4 27. Ra7 Rd7
28. Bd5 Ng5 29. Ra8 Rd8 30. Ra7 Rd7 31. f3 Bf5 32. Kg2 Bh3+ 33. Kh2 Bf5 34. Ra8
Rd8 35. Rxd8 Qxd8 36. f4 Nf7 37. Bxf7 Kxf7 38. Qd5+ Kg6 39. e4 Bg4 40. f5+ Kh6
41. Qf7 h4 42. gxh4 Bh5 43. Qxb7 d5 44. Qxd5 Qb8+ 45. e5 Qxb3 46. Qd2+ Kg7 47.
exf6+ Kxf6 48. Ne4+ Ke5 49. Nxc5 Qxc4 50. Nd7+ Kxf5 51. Qg5+ Ke4 52. Nf6+ Kf3
53. Qxh5+ Kf2 54. Qf5+ Ke2 55. Qg4+ Qxg4 56. Nxg4 Kf3 57. Kh3 Kf4 58. Nf6 h6
59. Ng4 1-0